000 00392nam a2200169Ia 4500
001 14865
008 140403s9999 xx 000 0 und d
020 _a0-06-062990-8
040 _cPK-LaUMT
082 _a 220
_bFOX-T
100 _aFox, Emmet
245 4 _aThe ten commandments : The master key to life
_cFox, Emmet
260 _c1953
300 _a158 p.
546 _aEN
942 _cBK
999 _c15425
_d15425